LEADER 00934nam a2200217 i 4500 001 000000080266 003 CaOOAMICUS 005 20180108000000.0 008 180108s2016 it u000 u ita u 013 $a52504 040 $aSeMil$bita 100 1 $aGemello, Francesco.$0(OLS)http://semarc/name/91369 245 10$a[Francesco Paleari :$beroico nell'esercizio delle virtù /$cFrancesco Gemello]. 260 $aTorino :$bPiccola Casa della Divina Provvidenza,$c2016. 300 $a26 p. ;$c21 cm. 650 4$aPaleari, Francesco .$0(OLS)http://semarc/subject/22207 850 $aSeMil 852 $aSeMil$W1$xVenegono$y1$m5B III 51/15$j45796$B45796$CSeMilBibl$Z2$F47863 $81 961 $aOmaggio: Altro 996 $6245$a[Francesco Paleari :$beroico nell'esercizio delle virtù$9(OLS)http://semarc/title/403832 996 $6260$aTorino :$bPiccola Casa della Divina Provvidenza$9(OLS)http://semarc/publisher/29905